| 000 | 00880 a2200241 4500 | ||
|---|---|---|---|
| 005 | 20081014114546.0 | ||
| 008 | 081014t xxu||||| |||| 00| 0 eng d | ||
| 010 | _aENG-91308 | ||
| 020 |
_a978819913892 _c650.00 |
||
| 035 | _aEN-74841 | ||
| 037 | _bDBAD / PUB | ||
| 040 |
_adpl _bEnglish |
||
| 082 | _a352.140954 | ||
| 245 |
_aLocal government administration / _cedited by Neena |
||
| 260 |
_aNew Delhi _bAlfa Publications _c2008 |
||
| 270 |
_a4398/5, Ansari Raod, Daryaganj, _bNew Delhi _e110002 |
||
| 300 |
_av, 292p. _c22 cm ( pbk.) |
||
| 500 | _aIncludes index | ||
| 650 |
_aLocal government _zIndia |
||
| 700 | _aNeena | ||
| 942 |
_adpl _cEN _2ddc _mLOC _h352.140954 |
||
| 999 |
_c16676 _d16676 |
||